000
00301nam a22001337a 4500
008
170413b xxu||||| |||| 00| 0 eng d
020
_a
9780534589868
041
_a
eng
080
_a
612.39
100
_a
10
101
_a
SHM
245
_a
NUTRITION THROUGH LIFE CYCLE
_c
BROWN, J.E
942
_2
udc
_c
BK
999
_c
10660
_d
10660